| 000 | 01487nam a22003611i 4500 | ||
|---|---|---|---|
| 001 | ebr10772249 | ||
| 003 | CaPaEBR | ||
| 006 | m o d | ||
| 007 | cr cn||||||||| | ||
| 008 | 130722s2013 enk ob 000 0 eng d | ||
| 020 | _a9781849284684 (e-book) | ||
| 020 | _z9781849284677 | ||
| 040 |
_aCaPaEBR _beng _erda _epn _cCaPaEBR |
||
| 035 | _a(OCoLC)856903740 | ||
| 050 | 1 | 4 |
_aQA76.9.A25 _bD384 2013eb |
| 082 | 0 | 4 |
_a005.86 _223 |
| 100 | 1 | _aDrewitt, Tony. | |
| 245 | 1 | 2 |
_aA manager's guide to ISO22301 : _bpractical guide to developing and implementing a business continuity management system / _cTony Drewitt. |
| 264 | 1 |
_aEly, Cambridgeshire : _bIT Governance Publishing, _c2013. |
|
| 300 | _a1 online resource (224 pages) | ||
| 336 |
_atext _2rdacontent |
||
| 337 |
_acomputer _2rdamedia |
||
| 338 |
_aonline resource _2rdacarrier |
||
| 504 | _aIncludes bibliographical references. | ||
| 588 | _aDescription based on online resource; title from PDF title page (ebrary, viewed October 19, 2013). | ||
| 590 | _aElectronic reproduction. Palo Alto, Calif. : ebrary, 2013. Available via World Wide Web. Access may be limited to ebrary affiliated libraries. | ||
| 650 | 0 | _aDatabase management. | |
| 650 | 0 |
_aInformation technology _xManagement. |
|
| 650 | 0 | _aRisk management. | |
| 655 | 0 | _aElectronic books. | |
| 797 | 2 | _aebrary. | |
| 856 | 4 | 0 |
_uhttp://site.ebrary.com/lib/rucke/Doc?id=10772249 _zAn electronic book accessible through the World Wide Web; click to view |
| 999 |
_c127467 _d127467 |
||